[Event "Groningen op"]
[Site "Groningen"]
[Date "1998.12.27"]
[Round "8"]
[White "Atalik, Suat"]
[Black "Najer, Evgeniy"]
[Result "0-1"]
[WhiteElo "2585"]
[BlackElo "2535"]
[Annotator "Atalik,S"]
[PlyCount "40"]
[EventDate "1998.12.??"]
[EventType "swiss"]
[EventRounds "11"]
[EventCountry "NED"]
[SourceTitle "EXT 2002"]
[Source "ChessBase"]
[SourceDate "2001.11.25"]
[SourceVersion "1"]
[SourceVersionDate "2001.11.25"]
[SourceQuality "1"]

1. d4 Nf6 2. c4 g6 3. Nc3 d5 4. Nf3 Bg7 5. Bf4 O-O 6. Rc1 {A system
popularised by Dutch GM Loek Van Wely.} dxc4 7. e4 Bg4 8. Bxc4 Nh5 $5 {An
interesting move order.} ({avoiding Novikov 's line.} 8... Bxf3 9. Qxf3 Nh5 10.
d5 $5) 9. Be3 Bxf3 10. gxf3 e6 $6 (10... e5 {is most likely the equaliser.} 11.
dxe5 Bxe5 (11... Qh4 $2 12. Bxf7+ $3 {Bosboom} Rxf7 13. e6 Rf8 (13... Re7 14.
Qd8+ Bf8 15. Nd5 c6 16. Nc7 $18) 14. Qb3) 12. Qxd8 Rxd8 13. Ne2 $1 Nc6 14. O-O
Nd4 15. Nxd4 Bxd4 16. Bd5 Bxe3 17. fxe3 c6 18. Bb3 Rd2 $11 {A.Beliavsky(2690)
-Leko(2670) Dortmund 1998}) 11. f4 Nc6 $6 {A move which has confused me.} 12.
e5 $4 (12. d5 $142 $1 exd5 13. Nxd5 Nf6 14. Nxf6+ Qxf6 15. e5 Qh4 16. Qf3 $16)
12... Bh6 $1 {It is very important white to be able to play Qf3 in this line.
This move prevents it and thus white immediately goes down.} 13. Ne2 (13. Rg1
Bxf4 $4 (13... Nxf4 $2 14. Rg4) (13... Qh4 14. Qg4 $1 Qxg4 (14... Qxh2 $4 15.
Rg2 Qh1+ 16. Kd2 $18) 15. Rxg4) (13... Kh8 14. d5 (14. Ne4 Bxf4 15. Qg4 Bxe3
16. fxe3 Qe7 $17) 14... Na5 15. Qa4 Nxc4 16. Qxc4 exd5 17. Nxd5 c6 $17) 14.
Qxh5) 13... Qh4 14. Qd2 Rad8 {This move was the second surprise.} (14... Ne7
15. Bb3 c6 $17) 15. Bb3 $2 (15. Bb5 Ne7 (15... Nxf4 16. Bxc6 Nxe2 17. Qxe2 Bxe3
18. Qxe3 bxc6 19. Rxc6 Rxd4 20. O-O Re4 21. Qc3 $15) (15... Nxd4 16. Nxd4 Bxf4
$1 (16... Nxf4 17. Bf1) 17. Rd1 (17. Nf3 Bxe3 18. Qxe3 Qb4+ $19) 17... Bxe5 (
17... c5 18. Nf3) 18. Qc3 Nf4 $40) 16. Rxc7 (16. Ng3 Bxf4) 16... Nd5 17. Rxb7
Nhxf4 18. Nxf4 Bxf4 19. Bxf4 Nxf4 20. Bd7 Ng2+ 21. Kf1 Qe4 $19) 15... Nxf4 $1 (
15... Nxd4 16. Nxd4 Bxf4 (16... Nxf4 17. Rxc7 Ng2+ 18. Kf1 Nxe3+ (18... Qh3 19.
Bxh6 Nh4+ 20. Ke1 Nf3+ 21. Nxf3 Qxf3 22. Qf4 $1 $18) 19. fxe3 Qe4 20. Qg2 Qxe3
21. Nf3 Rd3 22. Ne1 Rd2 23. Qf3 Qxe5 24. Rc2 Rfd8 $40) 17. Nf3) 16. Bxf4 (16.
Nxf4 Nxd4) 16... Nxd4 17. Qe3 Nxe2 18. Bxh6 Nxc1 19. O-O (19. Qxc1 Qe4+ $19 {
is the point of the combination.}) 19... Nxb3 $19 20. Bxf8 Nd2 0-1

[Event "Bermuda-A"]
[Site "Bermuda"]
[Date "2003.01.29"]
[Round "5"]
[White "Gershon, Alik"]
[Black "Shabalov, Alexander"]
[Result "1-0"]
[WhiteElo "2571"]
[BlackElo "2613"]
[Annotator "Atlas,V"]
[PlyCount "33"]
[EventDate "2003.01.25"]
[EventType "tourn"]
[EventRounds "11"]
[EventCountry "BER"]
[EventCategory "15"]
[SourceTitle "CBM 094"]
[Source "ChessBase"]
[SourceDate "2003.05.26"]
[SourceVersion "1"]
[SourceVersionDate "2003.05.26"]
[SourceQuality "1"]

1. d4 Nf6 2. c4 g6 3. Nc3 d5 4. Nf3 Bg7 5. Bf4 O-O 6. Rc1 c5 7. dxc5 dxc4 8. e4
Qa5 9. e5 Rd8 10. Bd2 Ng4 11. Bxc4 Qxc5 12. Ne4 Qb6 13. Bxf7+ $1 Kxf7 14. Nfg5+
Ke8 15. Rxc8 $1 Rxc8 16. Qxg4 Nd7 {[%tqu "En","Both kings got stuck in the
centre, but White can strike first. How?","Disclose the black king even more!",
"Use your e4-knight for the decisive blow!","e4d6","This impressive move wins
immediately.",5]} 17. Nd6+ $1 {[%csl Re8][%cal Gg4e6,Gg5f7]} (17. Nd6+ $1 {
The winning move. Black resigned in view of:} exd6 (17... Kd8 18. Ne6#) (17...
Kf8 18. Qe6 {, with inevitable mate.}) 18. Qe6+ Kd8 19. exd6 {, and Black is
defenseless.}) 1-0

[Event "Bundesliga 0102"]
[Site "Germany"]
[Date "2001.11.25"]
[Round "4.2"]
[White "Babula, Vlastimil"]
[Black "Epishin, Vladimir"]
[Result "1-0"]
[WhiteElo "2566"]
[BlackElo "2583"]
[Annotator "Babula/Meyer,CD"]
[PlyCount "59"]
[EventDate "2001.10.06"]
[EventType "team-tourn"]
[EventRounds "15"]
[EventCountry "GER"]
[SourceTitle "CBM 087"]
[Source "ChessBase"]
[SourceDate "2002.03.21"]
[SourceVersion "1"]
[SourceVersionDate "2002.03.21"]
[SourceQuality "1"]
[WhiteTeam "Werder Bremen"]
[BlackTeam "Luebeck"]
[WhiteTeamCountry "GER"]
[BlackTeamCountry "GER"]

1. d4 Nf6 2. c4 g6 3. Nc3 d5 4. Nf3 Bg7 5. Bf4 O-O 6. Rc1 dxc4 7. e3 Be6 8. Ng5
Bd5 9. e4 h6 10. exd5 hxg5 11. Bxg5 b5 $6 (11... Nxd5) 12. Qf3 c6 13. dxc6 Qxd4
14. Be2 a6 15. O-O Qc5 16. Be3 Qxc6 {[#]} 17. Rfd1 $5 {/\b3, ׫, ^^} (17. a4 e6
{(=) Babula-Kasparov, Praha simul 2001} 18. axb5 axb5 19. Nxb5 Ra2 20. Qxc6
Nxc6 21. Bc5 Rb8 22. Bxc4 Rxb2 {, V. Babula - G. Kasparov, Prag 2001 (Simultan)
, 0:1/44. Später tadelte der Champion seinen Zug 11...b5.}) 17... e5 18. b3 $5
{Um den Be2 zu aktivieren und Einfluß auf die hellen Felder zu erlangen, räumt
Weiß seinem Gegner einen gedeckten Freibauern auf c3 ein.} {18...} b4 (18... e4
$2 19. Qf4 $1 {nebst der Möglichkeit Rd6}) 19. Nd5 Nxd5 20. Rxd5 (20. Rxc4 $4
e4 $19 21. Qxe4 Nc3) (20. Qxd5 Qxd5 21. Rxd5 c3 22. Bc5 Nc6 23. Bxf8 Kxf8 $44 {
, und in diesem Endspiel hat Schwarz für die Qualität ausreichende
Kompensation.}) 20... c3 21. Rc5 (21. Bc5 $2 e4 (21... Re8 $2 22. Bc4 {><f7})
22. Qxe4 Re8) 21... e4 (21... Qxf3 $2 22. Bxf3 e4 (22... Nd7 23. Bxa8 Nxc5 24.
Bxc5 Rxa8 25. Bxb4 $16) 23. Bxe4 Nd7 24. Bxa8 Nxc5 25. Bxc5 Rxa8 26. Bxb4 Rc8
27. Rc2 $16) 22. Qg4 Qe8 $2 ({Ein fataler Fehler, denn nach diesem passiven
Damenzug wird das das weiße Läuferpaar dominieren und der Anziehende einen
überwältigenden Königsangriff erhalten. Angezeigt war} 22... Qe6 $142 $5 {
, z.B.} 23. Qxe6 (23. Qg3 Nd7 24. Bc4 Qf6 $13 ({(} 24... Nxc5 $6 25. Bxe6 Nxe6
26. Qg4 {, xe4)})) 23... fxe6 24. Bc4 Re8 25. Rc8 Rxc8 26. Bxe6+ Kh7 27. Bxc8
Bh6 28. Bxh6 Kxh6 29. Bb7 Ra7 30. Bxe4 Nd7 $44 {, und für den Minusbauern mag
Schwarz genügend Gegenspiel haben.}) 23. Bc4 $1 $18 Nd7 {[#]} (23... Kh7 24.
Rg5 $1 {mit der vernichtenden Drohung Rxg6 /\Rg6}) 24. Qxg6 ({Der "stille" Zug
} 24. Bd4 $3 {mit der Drohung Qxg6 hätte das Dilemma des Schwarzen noch
drastischer demonstriert: 24...} Ne5 25. Rxe5 $1 Qc6 (25... Qc8 26. Qxe4) 26.
Rg5 (26. Bd5 Qd6 27. Rg5) 26... Bxd4 (26... Kh7 27. Qh4+ Kg8 28. Bd5 Qd6 29.
Qxe4) 27. Rxg6+ {und Ende der Durchsage. In der Partie dagegen dauert die Qual
des Verteidigers etwas länger.}) 24... Ne5 (24... Nxc5 25. Bd4 Ne6 26. Bxe6 $18
) 25. Qg3 $1 Kh7 (25... Qe7 26. Bd4 (26. Bh6 Qf6 27. Bxg7 Qxg7 28. Qxg7+ Kxg7
29. Rxe5)) 26. Bd4 (26. Bf4 Ng6 27. Rh5+ Kg8 28. Qxg6) 26... Nf3+ (26... f6 27.
Qh4+ Kg6 28. Bxe5 fxe5 29. Qxe4+ $18) 27. gxf3 Bh6 28. Qh3 Rg8+ 29. Kh1 Rg6 30.
Rc7 1-0

[Event "EU-Cup 15th final"]
[Site "Bugojno"]
[Date "1999.10.30"]
[Round "2"]
[White "Bareev, Evgeny"]
[Black "Huzman, Alexander"]
[Result "1-0"]
[WhiteElo "2698"]
[BlackElo "2581"]
[Annotator "Bareev,E"]
[PlyCount "57"]
[EventDate "1999.10.29"]
[EventType "team-k.o."]
[EventRounds "3"]
[EventCountry "BIH"]
[SourceTitle "EXT 2020"]
[Source "ChessBase"]
[SourceDate "2019.10.17"]
[SourceVersion "1"]
[SourceVersionDate "2019.10.17"]
[SourceQuality "1"]
[WhiteTeam "Sarajevo Bosna"]
[BlackTeam "Beer-Sheva Chess Club"]
[WhiteTeamCountry "BIH"]
[BlackTeamCountry "ISR"]

1. d4 Nf6 2. c4 g6 3. Nc3 d5 4. Nf3 Bg7 5. Bf4 O-O 6. Rc1 dxc4 7. e3 Be6 8. Ng5
Bd5 9. e4 h6 10. exd5 hxg5 11. Bxg5 Nxd5 12. Bxc4 Nb6 13. Bb3 Nc6 14. Ne2 Qd6
$6 (14... a5 15. a4 Rc8 {=}) 15. O-O Rad8 (15... e6 16. h4 {+=}) 16. Qc2 Rd7
17. Rfd1 Nxd4 (17... e6 18. Qe4 {+=}) 18. Nxd4 Bxd4 19. Rxd4 Qxd4 20. Qxg6+ Qg7
21. Qh5 Rd6 $2 (21... Qh7 22. Qg4 Qg6 23. Rc3 Rfd8 24. Rg3 Kf8 25. h3 Ke8 $1 {
~=}) 22. Bxe7 {+-} Rg6 23. Bxf8 Rxg2+ 24. Kh1 Kxf8 25. Qc5+ Kg8 26. Bxf7+ $1
Kxf7 27. Qf5+ Kg8 (27... Ke8 28. Qe4+) 28. Qe6+ Kf8 (28... Kh7 29. Qh3+) 29.
Re1 (29. Re1 Qg6 30. Qe7+ Kg8 31. Qd8+ Kg7 32. Re7+ Kh6 33. Qh8+ Kg5 34. Rg7 {
+-}) 1-0

[Event "EU-chT (Men) 10th"]
[Site "Debrecen"]
[Date "1992.11.??"]
[Round "8.3"]
[White "Van Wely, Loek"]
[Black "Hausner, Ivan"]
[Result "0-1"]
[WhiteElo "2560"]
[BlackElo "2410"]
[Annotator "Bulletin"]
[PlyCount "51"]
[EventDate "1992.11.20"]
[EventType "team-swiss"]
[EventRounds "9"]
[EventCountry "HUN"]
[SourceTitle "EU-chT"]
[Source "ChessBase"]
[SourceDate "1999.07.01"]
[SourceVersion "2"]
[SourceVersionDate "1999.07.01"]
[SourceQuality "1"]
[WhiteTeam "Netherlands"]
[BlackTeam "Czechoslovakia"]
[WhiteTeamCountry "NED"]
[BlackTeamCountry "CSR"]

1. d4 Nf6 2. c4 g6 3. Nc3 d5 4. Nf3 Bg7 5. Bf4 O-O 6. Rc1 c5 7. dxc5 Na6 $5 8.
cxd5 Nxc5 9. Be5 $6 (9. e3 Qb6 10. Be2 Qxb2 11. Be5 {/\ 0-0 Van Wely}) 9... Bf5
10. e3 Nce4 11. Bc4 (11. Nxe4 $142 Bxe4 12. Bc4 Nxd5 13. Bxg7 Kxg7 14. Qd4+ Nf6
$10) 11... Nxf2 12. Qb3 Nxh1 13. Qxb7 Ne4 14. Nxe4 Bxe4 15. Bxg7 Kxg7 16. Qb3
Qa5+ 17. Qc3+ Qxc3+ 18. bxc3 Rfd8 19. Ke2 Bxd5 20. Bb3 Bxb3 21. axb3 Rab8 22.
Nd4 Rdc8 23. Rxh1 e5 24. Nf3 Rxc3 25. Nxe5 Rbxb3 26. Kd2 0-1

[Event "URS-ch46 First League"]
[Site "Ashkhabad"]
[Date "1978.??.??"]
[Round "6"]
[White "Kakageldyev, Amanmurad"]
[Black "Tukmakov, Vladimir B"]
[Result "1/2-1/2"]
[WhiteElo "2415"]
[BlackElo "2560"]
[Annotator "Bulletin"]
[PlyCount "82"]
[EventDate "1978.10.??"]
[EventType "tourn"]
[EventRounds "17"]
[EventCountry "URS"]
[EventCategory "10"]
[SourceTitle "MCL"]
[Source "ChessBase"]
[SourceDate "1999.07.01"]
[SourceVersion "1"]
[SourceVersionDate "1999.07.01"]
[SourceQuality "1"]

1. d4 Nf6 2. c4 g6 3. Nc3 d5 4. Nf3 Bg7 5. Bf4 O-O 6. Rc1 dxc4 7. e3 Be6 8. Ng5
Bd5 9. e4 h6 10. exd5 hxg5 11. Bxg5 Nxd5 12. Bxc4 Nb6 13. Bb3 Nc6 14. Ne2 Na5
15. Bc2 Qd5 16. h4 e5 17. Nc3 Qxd4 18. Qf3 $5 (18. Qe2 e4 19. h5 {
Teventiev-Gufeld, Udssr 1966}) 18... Rae8 19. h5 e4 20. Qh3 e3 $1 21. fxe3 Nac4
22. Rd1 (22. hxg6 $2 Qd2+ 23. Kf1 fxg6+) 22... Rxe3+ $1 23. Bxe3 Qxe3+ 24. Qxe3
Nxe3 25. Rd2 Nbc4 26. Re2 Nxc2+ 27. Rxc2 Nxb2 28. O-O $1 gxh5 29. Nd5 c5 30.
Rb1 Nd3 31. Rxb7 Re8 32. Ne7+ Kh7 33. Rxa7 Bf6 34. Nc6 Kg6 35. Rd7 Re1+ 36. Kh2
Ne5 37. Nxe5+ Bxe5+ 38. g3 h4 39. Kg2 hxg3 40. Rdd2 Ra1 41. Rxc5 f6 1/2-1/2

[Event "Groningen PCA"]
[Site "Groningen"]
[Date "1993.??.??"]
[Round "4"]
[White "Van Wely, Loek"]
[Black "Yermolinsky, Alex"]
[Result "1/2-1/2"]
[WhiteElo "2595"]
[BlackElo "2605"]
[Annotator "Chekhov,V"]
[PlyCount "98"]
[EventDate "1993.12.??"]
[EventType "swiss"]
[EventRounds "11"]
[EventCountry "NED"]
[SourceTitle "CBM 039"]
[Source "ChessBase"]
[SourceDate "1994.04.01"]
[SourceVersion "1"]
[SourceVersionDate "1994.04.01"]
[SourceQuality "1"]

1. d4 Nf6 2. c4 g6 3. Nc3 d5 4. Nf3 Bg7 5. Bf4 O-O 6. Rc1 c5 (6... dxc4 7. e3 (
7. e4 Bg4 8. Bxc4 Nh5 9. Be3 Bxf3 10. gxf3 e6 11. Ne2 Qf6 12. Ng3 Nf4 13. Qd2
Ng2+ 14. Ke2 Nxe3 15. fxe3 c5 16. d5 exd5 17. Bxd5 Nd7 18. Rhd1 Rad8 19. f4 Qh4
20. Kf1 Kh8 21. Kg2 Qe7 $13 {Nogueiras,J-Timman,J/Montpellier(ct)/1985/ Inf 41/
548/}) 7... Be6 8. Ng5 Bd5 9. e4 h6 10. exd5 hxg5 11. Bxg5 Nxd5 12. Bxc4 Nb6
13. Bb3 Nc6 14. d5 Nd4 15. O-O Qd7 16. a3 Rfe8 (16... Nxb3 $5 17. Qxb3 Bxc3 18.
Qxc3 Qxd5 $1 $10) 17. Ba2 $14 {Rogers,I-Ftacnik,L/Biel/1984/ Inf 34/614/}) (
6... c6 7. e3 Be6 8. Qb3 Qb6 9. c5 Qxb3 10. axb3 Nh5 {Rogers,I-Korchnoi,V/Biel/
1984/ Inf 38/615/} 11. Be5 $14) 7. dxc5 Be6 (7... dxc4 8. e4 Qa5 9. e5 Rd8 10.
Bd2 Ng4 11. Bxc4 Qxc5 12. Ne4 Qb6 13. Bxf7+ Kxf7 14. Rxc8 Rxc8 15. Nfg5+ Kg8
16. Qxg4 Qc6 17. Nd6 $1 Qd7 18. Qxd7 Nxd7 19. Nxc8 Rxc8 20. f4 Rc2 $10 {
Petrosian,T-Benko,P/Kurasao(ct)/1962/}) 8. Nd4 Nc6 9. Nxe6 fxe6 10. cxd5 (10.
e3 Qa5 11. Be2 Rad8 $1 12. Qa4 Qxc5 13. O-O d4 $1 14. exd4 Nxd4 15. Be3 a6 16.
Kh1 Qc7 $1 $10 {Botvinnik/}) 10... Nxd5 11. Bd2 Nxc3 12. Bxc3 Qxd1+ $146 (12...
Bxc3+ 13. Rxc3 (13. bxc3 Rf5 $5 14. Qb3 Kf7 $132 {Botvinnik/}) 13... Qxd1+ 14.
Kxd1 Rxf2 15. Rf3 Rd8+ 16. Ke1 Rxf3 17. exf3 Kf7 $1 $17 {Vargyus,Z-Lengyel,L/
HUN/1963/}) 13. Rxd1 Bxc3+ 14. bxc3 Rf5 15. g3 Rxc5 16. Bh3 e5 (16... Rxc3 17.
Bxe6+ Kg7 18. O-O $14) (16... Kf7 17. Rd3 $14) 17. Rd3 Rd8 18. Kd2 Rd6 19. Rb1
$14 b6 20. Bg2 Na5 21. Rb4 $1 Kg7 22. a4 Nc4+ (22... Rf6 $5) 23. Kc2 Rf6 24.
Bd5 e4 $1 (24... Nd6 25. f3 $14) 25. Rd1 Nd6 26. f4 exf3 27. exf3 Rf5 (27...
Nf5 28. Re4 Rd6 29. c4) 28. Rbd4 Re5 29. f4 Re3 30. R4d3 Nf5 31. Kb3 h5 32. Bf3
Rxd3 (32... Kf6 33. Rxe3 Nxe3 34. Rd7) 33. Rxd3 Nd6 (33... Rc7 34. Rd5 {/\a5/})
34. h3 $6 (34. Rd5 Rxd5 35. Bxd5 a5) (34. Bg2 $5 {/\Bh3/}) 34... Kf6 35. Bg2 g5
$1 $15 36. fxg5+ Rxg5 37. h4 Rg7 38. Rf3+ Nf5 39. Bh3 e6 40. Bxf5 exf5 41. a5
$1 $10 Rg4 42. axb6 axb6 43. c4 Ke5 44. Kb4 Ke4 45. Ra3 Rg8 (45... f4 46. gxf4
Rxh4 47. Kb5) 46. Kb5 Rg6 47. Rb3 Re6 48. Ra3 Rg6 49. Rb3 Re6 1/2-1/2

[Event "Biel SKA"]
[Site "Biel"]
[Date "1996.07.26"]
[Round "4"]
[White "Portisch, Lajos"]
[Black "Tukmakov, Vladimir B"]
[Result "1-0"]
[WhiteElo "2600"]
[BlackElo "2580"]
[Annotator "ChessBase"]
[PlyCount "57"]
[EventDate "1996.07.22"]
[EventType "tourn"]
[EventRounds "11"]
[EventCountry "SUI"]
[EventCategory "16"]
[SourceTitle "CBM 055"]
[Source "ChessBase"]
[SourceDate "1996.12.01"]
[SourceVersion "1"]
[SourceVersionDate "1996.12.01"]
[SourceQuality "1"]

1. d4 Nf6 2. c4 g6 3. Nc3 d5 4. Nf3 Bg7 5. Bf4 O-O 6. Rc1 dxc4 7. e4 b5 8. Nxb5
Nxe4 9. Bxc7 Qd7 10. Bxc4 a6 11. Na3 Nc6 12. O-O Qxc7 13. Bd5 Nf6 14. Bxc6 Rb8
15. Ne5 Qa7 16. Bf3 Bb7 17. Nac4 Rbd8 18. Qb3 Bxf3 19. Qxf3 Rd5 20. Ne3 Rb5 21.
Nc6 Qd7 22. b3 Bh6 23. Rc4 Bxe3 24. Qxe3 Nd5 25. Qf3 e6 26. Rfc1 Qd6 27. Ne5
Qa3 28. R1c2 Nb4 29. Rc8 (29. Rc8 Rxe5 30. Rxf8+ Kxf8 31. Rc8+ Kg7 32. dxe5
Qxa2 33. Qf6+ Kh6 34. g3 $18) 1-0

[Event "Montpellier op-A"]
[Site "Montpellier"]
[Date "1998.07.15"]
[Round "5"]
[White "Epishin, Vladimir"]
[Black "Palac, Mladen"]
[Result "1-0"]
[WhiteElo "2585"]
[BlackElo "2560"]
[Annotator "Epishin,V"]
[PlyCount "47"]
[EventDate "1998.07.??"]
[EventType "swiss"]
[EventRounds "9"]
[EventCountry "FRA"]
[SourceTitle "CBM 066"]
[Source "ChessBase"]
[SourceDate "1998.09.30"]
[SourceVersion "1"]
[SourceVersionDate "1998.09.30"]
[SourceQuality "1"]

1. d4 Nf6 2. c4 g6 3. Nc3 d5 4. Nf3 Bg7 5. Bf4 O-O 6. Rc1 dxc4 7. e4 c5 8. dxc5
Na6 9. Qxd8 Rxd8 10. e5 Ne8 11. Be3 Nb4 $146 12. Bxc4 Be6 13. Bxe6 $1 (13. a3
$2 Bxc4 14. axb4 Nc7 $15) 13... Nd3+ 14. Ke2 Nxc1+ 15. Rxc1 fxe6 16. a4 Nc7 (
16... a5 {xb5}) (16... a6 17. a5 Nc7 18. Na4 Nd5 19. Nb6 Rab8 20. Rc4 Nxe3 21.
fxe3 $22) 17. b4 Nd5 (17... a6 18. a5 Nd5 19. Nxd5 Rxd5 (19... exd5 20. c6 bxc6
21. Rxc6 Rdc8 22. Re6 $16) 20. Bf4 $1 (20. c6 bxc6 21. Rxc6 Bxe5 22. Nxe5 Rxe5
23. Kd3 Kf7 24. Kc4 Rd5 25. Bc5 Rd7 26. b5 axb5+ 27. Kxb5 Rd2 28. a6 Rb2+ 29.
Kc4 Ra2 $11) 20... h6 21. h4 Rc8 22. Rc4 Kf7 23. Bd2 $1 Ke8 24. Bc3 $16) 18.
Nxd5 Rxd5 (18... exd5 19. c6 bxc6 20. Rxc6 $16) 19. b5 (19. c6 $5 b5 $2 (19...
bxc6 20. Rxc6 Bxe5 21. b5 $1 Bd6 22. Ra6 Bc5 23. Bxc5 Rxc5 24. b6 Rb8 25. bxa7
Ra8 26. Nd4 e5 27. Nb5 Kf7 28. Rb6 Rxb5 29. Rxb5 Rxa7 30. a5 $18) 20. a5 Bxe5
21. Nxe5 Rxe5 22. c7 Rc8 23. Kf3 Rd5 24. Bxa7 Rd3+ 25. Ke2 Rb3 26. Bb8 $18)
19... Bxe5 $8 20. c6 b6 21. Nxe5 Rxe5 22. Rd1 $3 $18 Kf8 (22... Re4 23. c7 Rf8
24. Rd8 Rc4 25. Bh6 $18) (22... Rd5 23. Rxd5 exd5 24. a5 Kf7 (24... bxa5 25.
Bxa7 $18) 25. axb6 (25. Bxb6 $2 a6 $1 (25... Ke6 26. Bxa7 $1 $18) 26. bxa6 Rxa6
$15) 25... axb6 26. Bxb6 Ke6 27. Bc7 $18) 23. Rd7 a6 $2 (23... Ke8 24. Rb7 Re4
25. a5 bxa5 26. c7 Rc8 27. Rxa7 $18) (23... Re4 24. a5 bxa5 (24... Rb4 25. Rb7
bxa5 26. c7 Re8 27. Bxa7 a4 28. Rb8 Rc4 29. b6 $18) 25. Rxa7 $3 Rxa7 26. b6 $18
) 24. a5 1-0

[Event "Saint Louis Summer-A"]
[Site "Saint Louis"]
[Date "2018.05.23"]
[Round "9"]
[White "Xiong, Jeffery"]
[Black "Bok, Benjamin"]
[Result "1/2-1/2"]
[WhiteElo "2665"]
[BlackElo "2636"]
[Annotator "Fernandez,D"]
[PlyCount "118"]
[EventDate "2018.05.15"]
[EventType "tourn"]
[EventRounds "9"]
[EventCountry "USA"]
[EventCategory "16"]
[SourceTitle "CBM 185"]
[Source "ChessBase"]
[SourceDate "2018.07.13"]
[SourceVersion "1"]
[SourceVersionDate "2018.07.13"]
[SourceQuality "1"]

1. d4 Nf6 2. Nf3 g6 3. c4 Bg7 4. Nc3 d5 5. Bf4 {A relatively small but potent
sideline, typically used by the 2600 crowd against slightly weaker opposition!}
O-O 6. Rc1 (6. e3 c5 $1 {is the main line.} (6... c6 $14 {followed by ...Bg4
is something which I once tried against an in-form Evgeny Postny. Suffice to
say that the experiment is not worth repeating.}) 7. dxc5 Qa5 8. Rc1 {Other
moves exist, but this is the most natural, hoping that Black's queen will get
embarrassed along the c-file.} dxc4 (8... Rd8 {led to the World Champion being
at a disadvantage out of the opening, and having to fight back:} 9. Qa4 Qxc5
10. b4 $1 Qc6 11. Qa3 dxc4 12. b5 Qb6 13. Bxc4 Be6 14. Bxe6 Qxe6 15. O-O $14 {
A superficial look at this position might make you think Black is fine,
however in reality he is already suffering a bit, and in the game Ivanchuk,
V-Carlsen,M London 2013 he soon lost a pawn.}) 9. Bxc4 Qxc5 {The configuration
of pieces looks slightly inauspicious right now, however the right ways of
limiting the damage for Black have already been worked out, e.g.} 10. Bb3 Nc6
11. O-O Qh5 $11) 6... Be6 $5 {A fashionable sideline that presumably Black had
checked at home.} (6... c5 {can still be played, with possible transpositions
to 6.e3.} 7. dxc5 dxc4 8. Qxd8 (8. e3 Qa5) 8... Rxd8 9. e4 Na6 $1 {This
position is still equal, despite the structural hit Black takes, e.g.} 10. c6
bxc6 11. Bxc4 Nc5 $11) 7. e3 (7. Qb3 {looks like the obvious critical choice,
and a few years ago a soon-to-be elite player agreed with this:} c5 8. Qxb7 Qb6
9. Qxb6 axb6 10. e3 dxc4 11. dxc5 bxc5 $132 {In Ding,L-Le,Q Manila 2010
Black's awful structure was compensated for by his good piece play in the
centre and on the queenside.}) (7. Ng5 {is also critical, and I can only guess
that Black planned to play the exceedingly double-edged} c5 8. Nxe6 fxe6 $13 {
Stocek,J-Howell,D Istanbul 2012.}) 7... dxc4 8. Ng5 Bd5 9. e4 h6 10. exd5 hxg5
11. Bxg5 Nxd5 {The most natural and probably best.} (11... c6 $5 {This is an
interesting and (unusually) solid engine continuation.} 12. Bxf6 (12. dxc6 Nxc6
13. Bxc4 Qxd4 14. Qxd4 Nxd4 15. O-O Rfc8 $11) (12. Bxc4 cxd5 13. Bb3 Nc6 $11 {
and Black can think about being better, with his better structure and his pawn
chains about to stifle White's bishops.}) 12... Bxf6 13. Bxc4 cxd5 14. Bxd5 (
14. Nxd5 e6 15. Nxf6+ Qxf6 {This could be the critical position. For now,
White has a pawn, but the most pressing need does seem to be castling.} 16. O-O
Nc6 17. d5 Rad8 $11) 14... Nc6 15. Bxc6 bxc6 16. O-O (16. Ne2 Qd5 $15) 16...
Bxd4 $11) 12. Bxc4 Nb6 13. Bb3 Nc6 14. d5 Nd4 15. O-O Qd7 {The nature of
modern chess is such that when something becomes a fashion, it really takes
off. So in a clutch of games between strong players, such as Dreev-Tari,
Kosovo 2016, the current position has been reached.} 16. Re1 (16. h4 {looks
ambitious, but after the calm} Rfe8 $11 {Black's solidity will win out in the
end. This was the actual move order chosen by the game in the next note.})
16... Rfe8 17. h4 Rad8 18. a4 {White, either with or without fore-knowledge of
the game in the note here, decided to place his pawn on a light square.} (18.
a3 Nxb3 19. Qxb3 Nxd5 20. Nxd5 Qxd5 21. Qxd5 Rxd5 22. Rxc7 Bxb2 23. Rxb7 Bxa3
24. Rxa7 $11 {Enchev,I-Lorparizangeneh,S Albena 2016 Mass annihilation of both
armies has taken place and a draw was consequently agreed.}) 18... Nxb3 19.
Qxb3 Nxd5 (19... a5 $5 {is a more solid way to keep equality.}) 20. Nxd5 Qxd5
21. Qxd5 Rxd5 22. Rxc7 b5 (22... Bxb2 23. Rxb7 Bd4 24. Rbxe7 Rxe7 25. Rxe7 Ra5
{and White's tricks are one tempo short of working, though maybe the following
line was scary:} 26. Re4 Rxa4 27. Kh2 {and Black needs} f5 $1 $11) 23. Rxa7
bxa4 24. Rxa4 Bxb2 25. Rxe7 $14 {So White has managed to get something. For
the rest of this game he tried and probed in various ways but Black's defences
held.} Rxe7 26. Bxe7 Kg7 27. Bg5 Bc1 28. Be7 Bb2 29. g4 Bf6 30. Bxf6+ Kxf6 31.
Kg2 Rb5 32. Kg3 Rc5 33. Ra8 Kg7 34. Re8 Ra5 35. Kf4 Ra2 36. f3 Rh2 37. Kg3 Rh1
38. Re2 Rg1+ 39. Kf4 Rh1 40. Kg3 Rg1+ 41. Rg2 Ra1 42. Rh2 Ra3 43. h5 $6 {
In my opinion, playing for f5 was more testing.} gxh5 44. Rxh5 Kg6 45. Rb5 Rc3
46. Rb6+ f6 47. Rb4 Kg5 48. Rd4 Ra3 49. Rd8 $11 Kg6 50. Kf4 Ra4+ 51. Kg3 Ra3
52. Rd5 Rb3 53. Kf4 Rb4+ 54. Ke3 Rb3+ 55. Ke4 Rb4+ 56. Rd4 Rxd4+ 57. Kxd4 f5
58. gxf5+ Kxf5 59. f4 Kxf4 1/2-1/2